000 00777nam a2200205 i 4500
001 91818
003 ES-MaACL
005 20230906180826.0
007 t|
008 050222s2004 sp ||||1| spa d
080 _a821.134.2-32"19"(082.2)
080 _a821.134.2-14"19"(082.2)
245 0 0 _aVIII Premio de Poesía Rincón Poético. XIV Premio de Relatos Cortos. XVII Pregón de la Feria de la Manzanilla
_b: Ateneo de Sanlúcar, Sanlúcar de Bda., 2004.
260 _aSanlúcar de Barrameda :
_bAteneo de Sanlúcar de Barrameda,
_c2004.
300 _a83 p. ;
_c21 cm.
650 4 _aNovelas cortas españolas-
_yS.XX.
_915633
650 4 _aPoesías españolas-
_yS.XX.
_916221
710 2 _aAteneo de Sanlúcar de Barrameda.
_92022
852 _aES-MaACL
_jL-28868
_bR.135286
999 _c91818
_d91818